000 00892nam a22002417a 4500
999 _c63950
_d63950
005 20240530110707.0
008 180121s2015 ua a f 000 0dara d
017 _a2014/23732
_bمصر. دار الكتب
020 _a9789773192198
040 _aEG-CaGPL
_cEG-CaGPL
082 0 4 _221
_a962.081
_bق/ل ي
100 1 _aلوكاتيلى ، جوفانا
245 1 0 _aيوميات صحفية ايطالية /
_cجوفانا لوكاتيلى ؛ ترجمة اسلام فوزى .
250 _aط.1
260 _aالقاهرة :
_bالعربى للنشر و التوزيع ،
_c2015 .
300 _a232 ص. ؛
_c20 سم.
600 0 _aجوفانا لوكاتيلى
_vمذكرات
650 0 7 _2qrmak
651 0 7 _2qrmak
_aمصر
_xتاريخ
_yالعصر الحديث
700 0 _aاسلام فوزى
_eمترجم
942 _2ddc
_cBK